00889nam a2200217 a 450000100100000000500170001000800410002702000150006804000250008308200190010824500870012726000410021430000290025559000260028465000420031065000400035270000270039295201170041995201180053699900170065400004732720201002053543.0180503s1982 dr a 000 0 spa d a8489530009 aDO-SdBNPbspacBNPHU aRD863.5bM342c03aLa mariposa de colores /cAnnelie Vega... [et.al ] ; ilustraciones Lorelay Carron. aSanto Domingo :bINTERGRAFIC,c1982. a[18] p. :bil. ;c21 cm. aInventariado, 2018/VM 4aCuetnos infantiles dominicanos974998 4aLiteratura infantil dominicana94411 aCarron, Lorelay973010 0010718PDaPDbPDcHDd2018-05-03iLF1l0oRD863.5 M342cp47327-10r2020-06-25w2020-06-25yLFPDZNo se presta 00107-18PDaPDbPDcOId2018-05-03iLF1l0oRD863.5 M342cp47328-10r2020-06-25w2020-06-25yLFPDZNo se presta c46815d46815